| 000 | 00785 a2200181 4500 | ||
|---|---|---|---|
| 003 | Nust | ||
| 005 | 20230621082303.0 | ||
| 040 | _cNust | ||
| 082 | _a428,NOR | ||
| 100 |
_aNorman, Susan _9113185 |
||
| 245 |
_aGoing to work in English _bthe English you need for getting a job / _cNorman, Susan |
||
| 260 |
_aLondon _bBBC English _c1982 |
||
| 300 | _axii, 129 p. | ||
| 505 | _aJobs Advertisements (Page-1), Applying for Jobs (Page-7), Making Enquiries (Page-15), A Preliminary interview (Page-21), On the Short-List (Page-27), The Contract (Page-32), Form Filling (Page-40), House-Hunting (Page-46), Careers Advice (Page-54), Job-Hunting (Page-60), A Pay Cheque (Page-66), Setting Down (Page-74). | ||
| 650 | _aEnglish language | ||
| 700 |
_aFaram, Chris _9113186 |
||
| 942 |
_cREF _2ddc |
||
| 999 |
_c175669 _d175669 |
||